000 00474nam a22001817a 4500
003 CEME
005 20210628202029.0
008 210224b xxu||||| |||| 00| 0 eng d
020 _a0-07-135671-1
040 _c.
082 _a005.133-VB GOT
100 _aGottfried, Byron S
_914094
245 _aTheory and problems of programming with visual basic
260 _aNEW YORK
_bMCGRAW HILL
_c2002
300 _aIX,323P
650 _aVISUAL BASIC
_957968
942 _cBK
_2ddc
999 _c568203
_d568203